000 00820nam a22002537a 4500
003 OSt
005 20251104034557.0
008 251104b |||||||| |||| 00| 0 eng d
020 _a978-971-06-4825-2
040 _aDWCL - Main Lib
_cOC
082 _aRes. 700 M297 2022
100 _aMiranda, Quennie S. [and three others]
245 _aMapeh for today's learner 8 /
_cQuennie S. Miranda [and three others]
260 _aQuezon City, Philippines :
_bPhoenix Publishing House,
_cc2022.
300 _avii, 463 pages :
_billustrations ;
_c25 cm.
650 _a1. Arts
650 _a2. Health
650 _a3. Music
650 _a4. Physical Education
700 _aI. Laura R. Jugueta
700 _aII. Guinevere E. Sacdalan, PhD.
700 _aIII. Maria Teresa R. San Jose
942 _2ddc
_cBK-0 CIRC
_mRes.
_n0
999 _c5426
_d5426